LEADER 01807nam 2200385 n 450 001 996395590003316 005 20200824120903.0 035 $a(CKB)3810000000014419 035 $a(EEBO)2248563584 035 $a(UnM)ocm99893585e 035 $a(UnM)99893585 035 $a(EXLCZ)993810000000014419 100 $a19810714d1709 uy 101 0 $aeng 135 $aurbn||||a|bb| 200 14$aThe measurer and gauger's guide$b[electronic resource] $eContaining first, the reasons of the five principal rules of arithmetick, demonstrated by lines; with examples of each rule. Secondly, measuring of surfaces and solids, such as plank, timber, stone, &c. Joiners, carpenters, bricklayers, glasiers, painters and paviours work: each proposition being wrought vulgarly, decimally, practically and instrumentally. A small tract of gauging wine, ale or malt without inches or division. By which any one may gauge ten backs, or floors of malt, in the same time another shall gauge one, by the way now used: /$faltogether new. and submitted to the censure of the commissioners of excise. By J.L. P.M 210 $aLondon: $cPrinted for Benj. Bragge, at the Black Raven in Paternoster-Row.$d[1709] 215 $a[1]+ p 300 $aFragment: title page only. 300 $aReproduction of original in the British Library. 330 $aeebo-0018 606 $aMathematics$vEarly works to 1800 606 $aMensuration$vEarly works to 1800 608 $aTitle pages$zEngland$y18th century. 615 0$aMathematics 615 0$aMensuration 700 $aLightbody$b James$01010944 801 0$bUk-ES 801 1$bUk-ES 801 2$bCStRLIN 801 2$bCu-RivES 906 $aBOOK 912 $a996395590003316 996 $aThe measurer and gauger's guide$92416535 997 $aUNISA LEADER 02634nam0 22005173i 450 001 VEA0042238 005 20251003044437.0 020 $aIT$b79-4249 100 $a20170104d1979 ||||0itac50 ba 101 | $aita 102 $ait 181 1$6z01$ai $bxxxe 182 1$6z01$an 183 1$6z01$anc$2RDAcarrier 200 1 $aˆIl ‰recupero dei valori$ecentri storici e monumenti$elimiti della conservazione e del restauro$fRoberto Di Stefano 210 $aNapoli$cEdizioni scientifiche italiane$d[1979] 215 $aXI, 214 p.$d21 cm 225 | $aProblemi del territorio$v1 410 0$1001MIL0132610$12001 $aProblemi del territorio$v1 606 $aCentri storici$xRisanamento edilizio$2FIR$3CFIC020029$9I 606 $aCentri storici$xTutela$2FIR$3SBLC129291$9I 620 $aIT$dNapoli$3TO0L002386 676 $a307.34216$9$v21 676 $a711$9URBANISTICA$v18 676 $a711.0945$9URBANISTICA (PIANIFICAZIONE TERRITORIALE). Italia$v23 676 $a711.4$9$v21 696 $aTutela giuridica 699 $aTutela$zTutela giuridica 700 1$aDi Stefano$b, Roberto$f <1926-2005>$3CFIV004732$4070$010391 801 3$aIT$bIT-000000$c20170104 850 $aIT-BN0095 $aIT-NA0079 $aIT-CE0072 $aIT-BN0098 $aIT-NA0189 $aIT-NA0075 $aIT-NA0707 $aIT-BN0015 $aIT-SA0179 $aIT-NA0467 $aIT-NA0313 $aIT-NA0097 901 $bNAP SE$cMOLAJOLI $n$ 901 $bNAP BN$cB $nComprende volumi con collocazioni per formato catalogati prima del 1987. La consegna del doc. é effettuata dall'Uff. Distribuzione. 901 $bNAP CE$cBIBL.SOPR.$n$ 901 $bNAP CU$cVITA E P. $n$ 901 $bNAP DP$cCAU $nDonazione della famiglia Causa 901 $bNAP SP$cGALASSO $nFondo donato da Giuseppe Galasso 901 $bNAP 01$cPOZZO LIB.$nVi sono collocati fondi di economia, periodici di ingegneria e scienze, periodici di economia e statistica e altri fondi comprendenti documenti di economia pervenuti in dono. 901 $bNAP PE$cMONOGRAFIE$n$ 901 $bNAP MS$cS.13 $n$ 901 $bNAP SD$cSALA C $nSala di consultazione per opere riguardanti l'arte pittorica 912 $aVEA0042238 950 0$aBiblioteca Centralizzata di Ateneo$c1 v.$d 01POZZO LIB.ECON MON 6114$e 0101 0070016335E VMA 1 v. (Precedente collocazione 1 EC 633)$fB $h20220609$i20220609 977 $a 01$a BN$a CE$a CU$a DP$a GE$a MS$a PB$a PE$a SD$a SE$a SP 996 $aRecupero dei valori$9607476 997 $aUNISANNIO